| 000 | 00942nam a2200181Ia 4500 | ||
|---|---|---|---|
| 008 | 090124s9999 xx 000 0 und d | ||
| 082 | _b129764 | ||
| 100 | _aबर्वे राजेंद्र / बर्वे ललिता | ||
| 245 | _a फुलोरा ( व्यक्तित्व विकासाचा मनोवैज्ञानिक मागोवा ) | ||
| 250 | _a1 | ||
| 260 | _c2000 | ||
| 300 | _a211 | ||
| 600 | _aबर्वे राजेंद्र / बर्वे ललिता | ||
| 630 | _a फुलोरा ( व्यक्तित्व विकासाचा मनोवैज्ञानिक मागोवा ) | ||
| 700 | _aबर्वे राजेंद्र / बर्वे ललिता | ||
| 730 | _a फुलोरा ( व्यक्तित्व विकासाचा मनोवैज्ञानिक मागोवा ) | ||
| 942 | _cBOOK | ||
| 999 |
_c175853 _d175853 |
||